Epitom¯e t¯on okto toy logoy meron (Record no. 157171)
[ view plain ]
| 000 -LEADER | |
|---|---|
| campo de control de longitud fija | 00840nam a2200217 i 4500 |
| 001 - NÚMERO DE CONTROL | |
| campo de control | 157171 |
| 003 - IDENTIFICADOR DE NÚMERO DE CONTROL | |
| campo de control | ES-MaACL |
| 005 - FECHA Y HORA DE LA ÚLTIMA TRANSACCIÓN | |
| campo de control | 20230906210615.0 |
| 008 - DATOS DE LONGITUD FIJA--INFORMACIÓN GENERAL | |
| campo de control de longitud fija | 040809s1608 it |||| | gre d |
| 040 ## - FUENTE DE CATALOGACIÓN | |
| Centro catalogador/agencia de origen | CAM |
| Lengua de catalogación | spa |
| Centro/agencia transcriptor | CAM |
| 100 1# - ENTRADA PRINCIPAL--NOMBRE DE PERSONA | |
| Nombre de persona | Lascaris, Constantino. |
| 9 (RLIN) | 70423 |
| 245 10 - MENCIÓN DEL TÍTULO | |
| Título | Epitom¯e t¯on okto toy logoy meron |
| Resto del título | : biblion deyteron ... / |
| Mención de responsabilidad, etc. | Konstantinoy Laskareos... |
| 260 ## - PUBLICACIÓN, DISTRIBUCIÓN, ETC. | |
| Lugar de publicación, distribución, etc. | Romae : |
| Nombre del editor, distribuidor, etc. | apud Bartholomaeum Zannettum, |
| Fecha de publicación, distribución, etc. | 1608. |
| 300 ## - DESCRIPCIÓN FÍSICA | |
| Extensión | 95 p. ; |
| Dimensiones | 8º. |
| 500 ## - NOTA GENERAL | |
| Nota general | Traducción del título: Epítome de las ocho partes de la oración. |
| 594 ## - Nota al título y mención de responsabilidad | |
| Nota al título y mención de responsabilidad | Texto en griego. |
| 596 ## - NOTA AL PIE DE IMPRENTA | |
| NOTA AL PIE DE IMPRENTA | Marca tip. en port. |
| 597 ## - NOTA DE DESCRIPCIÓN FÍSICA | |
| NOTA DE DESCRIPCIÓN FÍSICA | Sign.: a-f8. |
| 650 04 - PUNTO DE ACCESO ADICIONAL DE MATERIA--TÉRMINO DE MATERIA | |
| Término de materia o nombre geográfico como elemento de entrada | Lengua griega- |
| Subdivisión general | Gramática. |
| 9 (RLIN) | 14245 |
| 852 ## - LOCALIZACIÓN | |
| Ubicación | ES-MaACL |
| Número de control de estantería | R-929(2) |
| Nota libre | -- Enc. perg. con cierres |
| -- | -- Ded. ms. de cayo Ortega Mayor a la biblioteca del Ateneo |
| Encuadernación | Olim: G-3954 |
| Estatus retirado | Estado de pérdida | Estado de daño | No para préstamo | Colección | Biblioteca de origen | Biblioteca actual | Ubicación en estantería | Fecha de adquisición | Fuente de adquisición | Total de préstamos | Signatura topográfica completa | Código de barras | Visto por última vez | Precio de reemplazo | Tipo de ítem Koha |
|---|---|---|---|---|---|---|---|---|---|---|---|---|---|---|---|
| Libros del s. XVII | Biblioteca del Ateneo de Madrid | Biblioteca del Ateneo de Madrid | Depósito | 17/01/2008 | R-929(2) | 1164448 | 23/02/2023 | 23/02/2023 | Libro impreso antiguo |
